000 00843nam a22002897a 4500
001 BR6008680
003 BR-BrBNA
005 20240627161554.0
008 230509b bl.||||| |||| 00| 0 por d
040 _aBR-BrBNA
_bpor
041 _a(Por)
072 _aC00
090 _aC00
_bBR6008680
100 1 _aMonteiro, Carlos Augusto de Figueiredo.
110 1 _aUniversidade de Sao Paulo, Sao Paulo (Brasil). Inst. de Geografia
_910547
245 1 _aPós-graduação geografia 1978 /
260 3 _aSao Paulo, SP (Brasil):
_c1978.
300 _a108 p.
500 _a4 illus.; 6 tables; 2 maps; scale 1:6,500,000; 2 maps; scale 1:17,000,000
650 _aEducacao
650 _aFisiografia
650 _aCurso
650 _aSao Paulo
909 _a06/2024
_bsarah
942 _cBK
999 _c57794
_d57794